[Event "47th Sparkassen Open"]
[Site "Dortmund GER"]
[Date "2019.07.20"]
[Round "8.15"]
[White "Eckert, Marius"]
[Black "Bock, Juergen"]
[Result "1/2-1/2"]
[WhiteElo "2090"]
[BlackElo "2268"]
[WhiteFideId "12922234"]
[BlackFideId "4619129"]
[EventDate "2019.07.13"]

1. d4 d5 2. Bf4 c5 3. e3 cxd4 4. exd4 Nc6 5. c3 Nf6 6. Bd3 Bg4 7. Nf3 e6 8. Nbd2
Be7 9. Qb3 Qc8 10. Ne5 Bh5 11. h3 Nxe5 12. Bxe5 O-O 13. O-O Bg6 14. Bxg6 hxg6
15. a4 Qc6 16. Rfe1 Ne8 17. Nf3 Nd6 18. Bxd6 Bxd6 19. Ne5 Bxe5 20. Rxe5 b6 21.
Qb5 Rfc8 22. Qxc6 Rxc6 23. Kf1 Rb8 24. Ke2 a6 25. Kd3 Rbc8 26. Re2 Kf8 27. Ree1
Ke7 28. Re2 Kd6 29. Ree1 R8c7 30. Re2 Rc8 31. Ree1 Ke7 32. Re2 g5 33. Ree1 Kf6
34. Rec1 b5 35. axb5 axb5 36. b4 R8c7 37. Ra5 Rb7 38. Re1 Ke7 39. Re2 Kd6 40.
Rea2 e5 41. dxe5+ Kxe5 42. Ra7 Rbc7 43. Rxc7 Rxc7 44. Ra5 Rb7 45. Ra6 f6 46. Ke3
Rc7 47. Kd3 Rb7 48. Ke3 Rc7 49. Kd3 1/2-1/2

[Event "47th Sparkassen Open"]
[Site "Dortmund GER"]
[Date "2019.07.20"]
[Round "8.16"]
[White "Dorst, Johannes"]
[Black "Prueske, Wolfgang"]
[Result "1-0"]
[WhiteTitle "FM"]
[WhiteElo "2234"]
[BlackElo "1961"]
[WhiteFideId "4650433"]
[BlackFideId "4667271"]
[EventDate "2019.07.13"]

1. c4 e5 2. g3 c6 3. Nf3 e4 4. Nd4 d5 5. d3 Bb4+ 6. Nc3 Nf6 7. Bg2 O-O 8. O-O
Re8 9. cxd5 cxd5 10. Bg5 Bxc3 11. bxc3 Bg4 12. h3 Bh5 13. dxe4 dxe4 14. Qb3 Nc6
15. Nxc6 bxc6 16. g4 Bg6 17. Rfd1 Qe7 18. c4 h5 19. Qg3 hxg4 20. hxg4 Qe6 21.
Bxf6 Qxf6 22. e3 Rad8 23. Rab1 Rd3 24. Bf1 Rdd8 25. Qc7 Rxd1 26. Rxd1 Qe6 27.
Qd7 Qxd7 28. Rxd7 a5 29. Rd6 Re6 30. Rd8+ Kh7 31. Rc8 Kh6 32. c5 Kg5 33. Bc4 Rf6
34. Be2 Re6 35. Bc4 Rf6 36. Be2 Re6 37. Kg2 f5 38. Kg3 Rf6 39. Ra8 fxg4 40. Bxg4
Bh5 41. Bxh5 Kxh5 42. Rxa5 Rf5 43. Ra4 Rxc5 44. Rxe4 Kg5 45. Rb4 Kf5 46. Rf4+
Ke6 47. Rg4 Kf6 48. Rd4 Ke6 49. a4 Ra5 50. Rg4 Ra7 51. Kf3 Kd5 52. Rd4+ Ke5 53.
Ke2 c5 54. Rg4 Rd7 55. Rg5+ Kd6 56. Kd3 Ra7 57. Rg6+ Kd5 58. e4+ Ke5 59. Ke3 1-0

[Event "47th Sparkassen Open"]
[Site "Dortmund GER"]
[Date "2019.07.20"]
[Round "8.17"]
[White "Beckmann, David"]
[Black "Stillger, Bernhard"]
[Result "1/2-1/2"]
[BlackTitle "FM"]
[WhiteElo "2016"]
[BlackElo "2199"]
[WhiteFideId "24664707"]
[BlackFideId "4610768"]
[EventDate "2019.07.13"]

1. d4 Nf6 2. Nf3 e6 3. g3 d5 4. Bg2 Be7 5. O-O O-O 6. c4 dxc4 7. Qc2 a6 8. a4
Bd7 9. Ne5 Bc6 10. Nxc6 Nxc6 11. Bxc6 bxc6 12. Qxc4 Qd5 13. Qc2 Rab8 14. Nc3
Qxd4 15. Bg5 h6 16. Bxf6 Bxf6 17. Rab1 Rb4 18. Rfd1 Qc4 19. Rd3 Rfb8 20. Qd2 Rb3
21. Qc2 Bxc3 22. Rc1 Rxb2 23. Qxc3 Qxc3 24. Rcxc3 Rxe2 25. Rxc6 Rbb2 26. Rf3
Rec2 27. Rxa6 Rb8 28. a5 g6 29. Ra7 Kg7 30. a6 f5 31. Ra3 Rb1+ 32. Kg2 Rbb2 33.
Rxc7+ Rxc7 34. a7 Rc8 35. a8=Q Rxa8 36. Rxa8 g5 37. Ra7+ Kf6 38. Ra5 g4 39. Rc5
Ra2 40. Rb5 h5 41. Rc5 Re2 42. Ra5 Kg5 43. Ra8 Rb2 44. Rg8+ Kf6 45. Rf8+ Kg7 46.
Ra8 e5 47. Ra6 f4 48. gxf4 exf4 49. Ra4 f3+ 50. Kg3 Kg6 51. Ra6+ Kg5 52. Ra5+
Kg6 53. Ra6+ Kf5 54. Ra5+ 1/2-1/2

[Event "47th Sparkassen Open"]
[Site "Dortmund GER"]
[Date "2019.07.20"]
[Round "8.18"]
[White "Gula, Julian"]
[Black "Gallasch, Jonas"]
[Result "0-1"]
[WhiteElo "1991"]
[BlackElo "1996"]
[WhiteFideId "12954799"]
[BlackFideId "16222474"]
[EventDate "2019.07.13"]

1. d4 Nf6 2. c4 g6 3. Nc3 d5 4. Nf3 Bg7 5. cxd5 Nxd5 6. Na4 O-O 7. e4 Nb6 8. Be3
N8d7 9. Nc3 c6 10. a4 a5 11. Qb3 Nf6 12. h3 Qc7 13. Rc1 Nbd7 14. e5 Ne8 15. e6
fxe6 16. Ng5 Nb6 17. Nxe6 Bxe6 18. Qxe6+ Kh8 19. d5 Bxc3+ 20. Rxc3 Nxd5 21. Bd4+
Ndf6 22. Be5 Qd8 23. Rd3 Ng7 24. Qc4 Qe8 25. Qc3 Qf7 26. Rf3 Qa2 27. Rd3 Rad8
28. Be2 Qb1+ 29. Rd1 Rxd1+ 30. Bxd1 Rd8 31. Bd4 e5 32. Qxa5 Rxd4 33. O-O Rxd1
34. Qd8+ Rxd8 35. Rxb1 0-1

[Event "47th Sparkassen Open"]
[Site "Dortmund GER"]
[Date "2019.07.20"]
[Round "8.20"]
[White "Koschetzki, Christian"]
[Black "Steinle, Carsten"]
[Result "0-1"]
[WhiteElo "1987"]
[BlackElo "2147"]
[WhiteFideId "24691658"]
[BlackFideId "24676462"]
[EventDate "2019.07.13"]

1. d4 Nf6 2. Nf3 d6 3. g3 Bg4 4. Bg2 c6 5. c4 Nbd7 6. h3 Bh5 7. Nc3 e5 8. O-O
Be7 9. b3 O-O 10. g4 Bg6 11. Nh4 Re8 12. Nxg6 hxg6 13. dxe5 dxe5 14. Bb2 Qc7 15.
Qc2 Nc5 16. Rad1 a5 17. Ba1 Bd6 18. e3 Qe7 19. Ne4 Nfxe4 20. Bxe4 Bc7 21. Bb2
Qh4 22. Bg2 Ne6 23. Rd7 Rac8 24. f3 Bb6 25. Qf2 Qh6 26. Bc1 Nc5 27. Rdd1 f5 28.
Kh2 Ne6 29. Qe1 f4 30. exf4 exf4 31. Qc3 g5 32. Rd7 Nc5 33. Rd2 Re3 34. Qc2 Rce8
35. Ba3 Qf6 36. Bb2 Qe6 37. Rfd1 Re1 38. Qc3 Re7 39. Rd8+ Bxd8 40. Rxd8+ Kh7 41.
Qc2+ Ne4 42. fxe4 Qg6 43. Ba3 Re6 44. Qc3 R6xe4 45. Bxe4 Qxe4 0-1

[Event "47th Sparkassen Open"]
[Site "Dortmund GER"]
[Date "2019.07.20"]
[Round "8.21"]
[White "Hammerich, Simon"]
[Black "Torres-Kuckel, Rafael"]
[Result "1-0"]
[BlackTitle "FM"]
[WhiteElo "1954"]
[BlackElo "2152"]
[WhiteFideId "12955868"]
[BlackFideId "4625072"]
[EventDate "2019.07.13"]

1. e4 c5 2. Nf3 e6 3. d4 cxd4 4. Nxd4 a6 5. c4 Nf6 6. Nc3 Qc7 7. a3 d6 8. Be2 b6
9. O-O Bb7 10. Qd3 Nbd7 11. Qc2 Nc5 12. f3 Be7 13. Be3 O-O 14. Rac1 Rac8 15. b4
Ncd7 16. f4 Qb8 17. Qd3 Rfe8 18. g4 Qa8 19. Bf3 Nf8 20. g5 N6d7 21. Bg4 g6 22.
h4 Rcd8 23. h5 Nc5 24. Qe2 Nxe4 25. hxg6 hxg6 26. Qh2 e5 27. Nf3 Nxc3 28. Rxc3
f5 29. gxf6 Bxf6 30. fxe5 dxe5 31. Ng5 Rd6 32. c5 bxc5 33. Bxc5 Bxg5 34. Bxd6
Bf4 35. Qh4 Qd8 36. Qxd8 Rxd8 37. Bc5 g5 38. Rd1 Re8 39. Bxf8 Kxf8 40. Rc7 Be4
41. Rdd7 Be3+ 42. Kf1 Bb6 43. Rf7+ Kg8 44. Rg7+ Kh8 45. Rcd7 Bd3+ 46. Be2 Bf5
47. Rdf7 Rc8 48. Bxa6 Rc1+ 49. Ke2 Rc2+ 50. Kd1 Be3 51. Rc7 Rd2+ 52. Ke1 Ra2 53.
Rg8+ Kxg8 54. Bc4+ Kh8 55. Bxa2 g4 56. Ke2 Bd4 57. Bd5 g3 58. Bg2 Be6 59. Kf3
Bf2 60. Ke4 Bd4 61. Re7 Bg4 62. Rxe5 Bxe5 63. Kxe5 Bd7 64. Kd6 Ba4 65. Kc5 1-0

[Event "47th Sparkassen Open"]
[Site "Dortmund GER"]
[Date "2019.07.20"]
[Round "8.22"]
[White "Mueller, Frank3"]
[Black "Rohde, Patrick"]
[Result "1-0"]
[WhiteElo "2092"]
[BlackElo "1978"]
[WhiteFideId "24681318"]
[BlackFideId "12913626"]
[EventDate "2019.07.13"]

1. e4 c5 2. Nc3 e6 3. Nge2 Nc6 4. g3 g6 5. d4 cxd4 6. Nxd4 a6 7. Nxc6 bxc6 8.
Qd4 f6 9. e5 fxe5 10. Qxe5 Qf6 11. Bf4 d6 12. Qe3 e5 13. O-O-O Be7 14. Ne4 Qe6
15. Nxd6+ Bxd6 16. Rxd6 Qxd6 17. Bxe5 Qd5 18. Bxh8+ Be6 19. Bg2 Qxg2 20. Qxe6+
Ne7 21. Re1 1-0

[Event "47th Sparkassen Open"]
[Site "Dortmund GER"]
[Date "2019.07.20"]
[Round "8.23"]
[White "Savchenko, Daniel"]
[Black "Wuebker, Paul-Luca"]
[Result "1/2-1/2"]
[WhiteElo "2168"]
[BlackElo "2009"]
[WhiteFideId "12919195"]
[BlackFideId "12939528"]
[EventDate "2019.07.13"]

1. e4 c5 2. Nf3 d6 3. d4 cxd4 4. Nxd4 Nf6 5. Nc3 g6 6. f3 Bg7 7. Be3 O-O 8. Qd2
Nc6 9. O-O-O d5 10. Qe1 e5 11. Nxc6 bxc6 12. exd5 Nxd5 13. Bc5 Be6 14. Bc4 Re8
15. Ne4 Qc7 16. h4 Nf4 17. Bxe6 Nxe6 18. Ba3 h6 19. g4 Nd4 20. Qe3 Qa5 21. g5 h5
22. Nf6+ Bxf6 23. gxf6 Nf5 24. Qg5 Qa4 25. Kb1 Rab8 26. Rd3 e4 27. fxe4 Qxe4 28.
Rhd1 Qxh4 29. Qd2 Qxf6 30. b3 Qe6 31. Bb2 Kh7 32. Rh1 Qe4 33. Rdh3 Qg4 34. Qc3
Rbd8 35. a4 Rd1+ 36. Ka2 Rxh1 37. Rxh1 Qe4 38. Rf1 Rg8 39. Re1 Qd5 40. Re5 Qd7
41. Rc5 Ne7 42. Qf3 Nd5 43. c4 Nb4+ 44. Ka3 Nc2+ 45. Ka2 f5 46. Qc3 Qd6 47. b4
Nxb4+ 48. Qxb4 Rb8 49. Qa5 Rxb2+ 50. Kxb2 Qd4+ 51. Kb3 1/2-1/2

[Event "47th Sparkassen Open"]
[Site "Dortmund GER"]
[Date "2019.07.20"]
[Round "8.24"]
[White "Burchert, Wolfgang"]
[Black "Winterberg, Andreas"]
[Result "1-0"]
[WhiteElo "2075"]
[BlackElo "1956"]
[WhiteFideId "4654412"]
[BlackFideId "16210433"]
[EventDate "2019.07.13"]

1. e4 e5 2. Nf3 Nc6 3. d4 exd4 4. Nxd4 Bb4+ 5. c3 Bc5 6. Be3 Bb6 7. Nf5 g6 8.
Bxb6 axb6 9. Ne3 Nf6 10. f3 O-O 11. c4 Re8 12. Nc3 d6 13. Be2 Nh5 14. O-O Nf4
15. Ned5 Nxd5 16. Nxd5 Be6 17. Ne3 Qf6 18. Qd2 Qd4 19. Rfd1 Qxd2 20. Rxd2 Ra5
21. Kf2 Kg7 22. a3 Ne7 23. f4 f5 24. Bf3 fxe4 25. Bxe4 Rf8 26. g3 Nc6 27. Bd5
Bxd5 28. Nxd5 Rf7 29. Re1 Rc5 30. b3 b5 31. cxb5 Rxb5 32. b4 Kf8 33. a4 Rxd5 34.
Rxd5 Nxb4 35. Rd2 d5 36. Kf3 Rd7 37. Rc1 c6 38. a5 Ke7 39. g4 Kd6 40. h4 Na6 41.
h5 Nc5 42. Rh2 Nb3 43. Rch1 Rf7 44. hxg6 hxg6 45. Rh7 Rxh7 46. Rxh7 Nxa5 47. Rg7
b5 48. Rxg6+ Ke7 49. Rg7+ Kd6 50. Ra7 Nc4 51. g5 b4 52. g6 Nd2+ 53. Ke2 Ne4 54.
g7 Nf6 55. Rf7 Ng8 56. Rf8 1-0

[Event "47th Sparkassen Open"]
[Site "Dortmund GER"]
[Date "2019.07.20"]
[Round "8.25"]
[White "Strathoff, Martin"]
[Black "Kracht, Raphael"]
[Result "0-1"]
[WhiteElo "2102"]
[BlackElo "2000"]
[WhiteFideId "24609560"]
[BlackFideId "16214382"]
[EventDate "2019.07.13"]

1. d4 Nf6 2. c4 e6 3. Nc3 Bb4 4. f3 c5 5. d5 O-O 6. e4 b5 7. a3 Bxc3+ 8. bxc3
bxc4 9. Bxc4 Nxd5 10. Bxd5 exd5 11. Qxd5 Ba6 12. Be3 Qb6 13. Ne2 Qb2 14. Qa2 Qb5
15. Kf2 c4 16. Rad1 Nc6 17. a4 Qa5 18. Rd5 Qc7 19. Bf4 Qb6+ 20. Kg3 f5 21. Rxd7
fxe4 22. Qd2 exf3 23. Qd5+ Kh8 24. gxf3 Rf6 25. Bg5 Rff8 26. Nf4 Bc8 27. Rf7 Bb7
28. Nh5 Ne7 29. Rxf8+ Rxf8 30. a5 Qc7+ 31. Bf4 Rxf4 0-1

[Event "47th Sparkassen Open"]
[Site "Dortmund GER"]
[Date "2019.07.20"]
[Round "8.26"]
[White "Conrad, Joachim"]
[Black "Leonard, Timo"]
[Result "1-0"]
[WhiteElo "2068"]
[BlackElo "1911"]
[WhiteFideId "24623083"]
[BlackFideId "16208757"]
[EventDate "2019.07.13"]

1. d4 d5 2. Nf3 Nf6 3. Bf4 c5 4. e3 Nc6 5. c3 Qb6 6. Qb3 c4 7. Qxb6 axb6 8. Na3
Na7 9. Be2 h6 10. O-O Bf5 11. Bd1 e6 12. Nc2 Be7 13. Nd2 Nc6 14. f3 b5 15. a3
Bh7 16. Re1 O-O 17. Rc1 Na7 18. Nb4 Rfc8 19. Bc2 Nc6 20. Bxh7+ Kxh7 21. Nc2 Bd8
22. Re2 Kg8 23. Nb1 Be7 24. Rce1 Bd8 25. e4 Be7 26. Nb4 Bxb4 27. axb4 Ra4 28.
Na3 Na7 29. Bd6 b6 30. Be7 Nd7 31. exd5 exd5 32. Bd6 Nf6 33. Kf2 Nc6 34. Nxb5
Ra2 35. Bf4 Kf8 36. g4 Rca8 37. Bc7 Na7 38. Bf4 Nc6 39. Nc7 Rd8 40. h4 Kg8 41.
Nb5 Rd7 42. Bc1 Rd8 43. g5 hxg5 44. hxg5 Nh5 45. Re8+ Rxe8 46. Rxe8+ Kh7 47. Nc7
Nxb4 48. cxb4 c3 49. Re2 Nf4 50. Bxf4 cxb2 51. Rxb2 Rxb2+ 52. Ke3 Rb3+ 53. Ke2
Rxb4 54. Be3 f6 55. gxf6 gxf6 56. Nxd5 Rb2+ 57. Kd3 Kg6 58. Kc3 Rb1 59. Kc4 Rf1
60. f4 Rb1 61. Nc3 Ra1 62. d5 Kf5 63. Bxb6 Kxf4 64. d6 Ra8 65. d7 f5 66. Kd5 Kg4
67. Nb5 f4 68. Nd6 f3 69. Nc8 Ra2 70. d8=Q Rd2+ 71. Bd4 f2 72. Qg8+ Kf3 73. Qf7+
Kg2 74. Qg6+ Kf1 75. Ke4 Rxd4+ 76. Kxd4 Ke1 77. Qg3 Ke2 78. Qg2 Ke1 79. Ke3 1-0

[Event "47th Sparkassen Open"]
[Site "Dortmund GER"]
[Date "2019.07.20"]
[Round "8.27"]
[White "Prieb, Robert"]
[Black "Biermann, Lenhard"]
[Result "1/2-1/2"]
[WhiteTitle "CM"]
[WhiteElo "1824"]
[BlackElo "2056"]
[WhiteFideId "16212002"]
[BlackFideId "12970077"]
[EventDate "2019.07.13"]

1. d4 Nf6 2. c4 e6 3. Nc3 Bb4 4. Qc2 O-O 5. a3 Bxc3+ 6. Qxc3 b5 7. cxb5 c6 8. f3
d5 9. bxc6 Qb6 10. e3 Nxc6 11. Bd3 Ba6 12. b4 Rfc8 13. Qd2 Rab8 14. Ne2 Bxd3 15.
Qxd3 a5 16. bxa5 Nxa5 17. Bd2 Nc4 18. Bb4 e5 19. O-O e4 20. Qc3 exf3 21. gxf3
Nh5 22. Qd3 Re8 23. e4 Rbc8 24. Kh1 Qg6 25. Bc5 Qh6 26. Rg1 Rb8 27. Bb4 Rbc8 28.
Bc5 dxe4 29. fxe4 Nd2 30. e5 Qc6+ 31. Rg2 Ne4 32. Rf1 Nxc5 33. Qf5 Qe6 34. dxc5
Qxe5 35. Qxf7+ Kh8 36. Rf5 Qa1+ 37. Rg1 Qb2 38. Rg2 Qa1+ 39. Ng1 g6 40. Rfg5 Ng7
41. R2g3 Qd4 1/2-1/2

[Event "47th Sparkassen Open"]
[Site "Dortmund GER"]
[Date "2019.07.20"]
[Round "8.28"]
[White "Skabs, Denis"]
[Black "Biermann, Florian"]
[Result "0-1"]
[WhiteElo "1745"]
[BlackElo "2016"]
[WhiteFideId "16248449"]
[BlackFideId "12970069"]
[EventDate "2019.07.13"]

1. e4 c5 2. d4 cxd4 3. c3 d5 4. exd5 Nf6 5. Nf3 Nxd5 6. Nxd4 e6 7. Bd3 Nc6 8.
Nxc6 bxc6 9. O-O Bd6 10. Qg4 Qc7 11. g3 Bb7 12. a3 h5 13. Qh4 Ne7 14. Bg5 f6 15.
Bxf6 gxf6 16. Qxf6 O-O-O 17. Qxe6+ Kb8 18. Nd2 h4 19. Ne4 hxg3 20. fxg3 Bxg3 21.
Nxg3 Rxd3 22. Qg4 Rg8 23. Qf4 Qxf4 24. Rxf4 Nd5 25. Rd4 Rxd4 26. cxd4 Rg4 27.
Rd1 Ne3 28. Rd3 Nf5 29. Kf2 Nxg3 30. hxg3 Kc7 31. Kf3 Rg7 32. Kf4 Kd6 33. g4
Rf7+ 34. Kg5 Kd5 35. Kg6 Rf4 36. g5 Bc8 37. Rb3 Bf5+ 38. Kg7 Rxd4 39. Rb7 a5 40.
Ra7 a4 41. Kf6 Bc2 42. g6 Rf4+ 43. Kg5 Rf5+ 44. Kg4 Rf1 45. g7 Rg1+ 46. Kf4 Kc4
47. Rb7 Bb3 48. Ke3 c5 49. Rd7 Kb5 50. Kf2 Rg5 51. Kf3 Kc6 52. Ra7 Kd5 53. Kf4
Rg1 54. Rd7+ Ke6 55. Rc7 c4 56. Ke3 Kf6 57. Kd2 Rxg7 58. Rxg7 Kxg7 59. Kc1 Ba2
60. b3 Bxb3 0-1

[Event "47th Sparkassen Open"]
[Site "Dortmund GER"]
[Date "2019.07.20"]
[Round "8.29"]
[White "Gluma, Christian"]
[Black "Guenther, Lars"]
[Result "1/2-1/2"]
[WhiteElo "1876"]
[BlackElo "2114"]
[WhiteFideId "16223209"]
[BlackFideId "4625153"]
[EventDate "2019.07.13"]

1. e4 d5 2. exd5 Qxd5 3. Nc3 Qd8 4. d4 Nf6 5. Bc4 a6 6. a4 Nc6 7. Nge2 Bf5 8.
Be3 Nb4 9. Bb3 e6 10. Ng3 Bg6 11. Nce2 Bd6 12. Nf4 Nbd5 13. Nxg6 Nxe3 14. fxe3
hxg6 15. Qf3 Bxg3+ 16. Qxg3 Qd6 17. Qxd6 cxd6 18. Ke2 d5 19. c4 dxc4 20. Bxc4
Rc8 21. Rac1 Ke7 22. b3 Rc7 23. Rc2 b5 24. Bd3 Rxc2+ 25. Bxc2 bxa4 26. bxa4 Rb8
27. Rb1 Rxb1 28. Bxb1 Nd5 29. Kd3 Nb6 30. Bc2 Kd6 31. g4 g5 32. Bb3 f6 33. Ke4
g6 34. Kd3 f5 35. Bc2 e5 36. Bb3 e4+ 37. Kd2 Nd5 38. Bc2 Nb4 39. Bb3 Nd5 40. Bc2
Nb4 41. Bb3 Ke7 42. Bc4 f4 43. exf4 gxf4 44. h4 Kf6 45. d5 Ke5 46. h5 gxh5 47.
gxh5 e3+ 48. Ke2 Nc2 49. h6 Kf6 50. Kf3 Nd4+ 51. Kxf4 e2 52. Bxe2 Nxe2+ 53. Ke3
Nc3 54. Kd3 1/2-1/2

[Event "47th Sparkassen Open"]
[Site "Dortmund GER"]
[Date "2019.07.20"]
[Round "8.30"]
[White "Chubakov, Sultan"]
[Black "Stock, Tobias W"]
[Result "1-0"]
[WhiteElo "2095"]
[BlackElo "2001"]
[WhiteFideId "13803468"]
[BlackFideId "407500"]
[EventDate "2019.07.13"]

1. d4 Nf6 2. c4 d6 3. Nc3 Bf5 4. Nf3 g6 5. g3 Bg7 6. Bg2 c6 7. O-O Qc8 8. Re1
Ne4 9. Nh4 Nxc3 10. bxc3 Bh3 11. e4 Bxg2 12. Nxg2 c5 13. Qd3 Nc6 14. Bb2 f5 15.
Nf4 O-O 16. dxc5 Ne5 17. Qd5+ Rf7 18. exf5 Qxc5 19. fxg6 hxg6 20. Qxc5 dxc5 21.
Re4 Rd8 22. Nd5 Nd3 23. Ba3 Nxf2 24. Nxe7+ Rxe7 25. Rxe7 Bxc3 26. Rf1 Nd3 27.
Rxb7 Re8 28. Kg2 Ne1+ 29. Kh3 Nd3 30. Rf3 1-0

[Event "47th Sparkassen Open"]
[Site "Dortmund GER"]
[Date "2019.07.20"]
[Round "8.31"]
[White "Artola Pola, Gerardo"]
[Black "Farokhi, Keyvan"]
[Result "1/2-1/2"]
[WhiteElo "2031"]
[BlackElo "1946"]
[WhiteFideId "150878"]
[BlackFideId "12998630"]
[EventDate "2019.07.13"]

1. e4 c6 2. d4 d5 3. e5 c5 4. c4 cxd4 5. Nf3 Bg4 6. Qxd4 Bxf3 7. gxf3 dxc4 8.
Qxd8+ Kxd8 9. Bxc4 e6 10. Be3 Nc6 11. f4 Nh6 12. Nc3 Bb4 13. O-O-O+ Ke8 14. Nb5
Rc8 15. Kb1 Nf5 16. a3 Nxe3 17. fxe3 Be7 18. Bb3 a6 19. Nc3 Na5 20. Ka2 Nxb3 21.
Kxb3 Bc5 22. Rd3 Ke7 23. Rhd1 Rhd8 24. Kc2 Rxd3 25. Rxd3 Rd8 26. Rxd8 Kxd8 27.
Kd3 Kd7 28. Ne4 Be7 29. a4 b6 30. Kc4 Kc6 31. b3 h6 32. h3 b5+ 33. axb5+ axb5+
34. Kd4 f5 35. exf6 gxf6 36. Nf2 Bc5+ 37. Ke4 f5+ 38. Kd3 Kd5 39. e4+ fxe4+ 40.
Nxe4 Be7 41. Nc3+ Kc5 42. Ne2 Bf6 1/2-1/2

[Event "47th Sparkassen Open"]
[Site "Dortmund GER"]
[Date "2019.07.20"]
[Round "8.32"]
[White "Schriewer, Thomas"]
[Black "Meier, Silas"]
[Result "0-1"]
[WhiteElo "2004"]
[BlackElo "1811"]
[WhiteFideId "24606049"]
[BlackFideId "16210662"]
[EventDate "2019.07.13"]

1. d4 d5 2. Bf4 Nf6 3. e3 c5 4. c3 Nc6 5. Nd2 Bf5 6. Qb3 Qb6 7. dxc5 Qxb3 8.
Nxb3 e5 9. Bg3 a5 10. Nf3 Nd7 11. Bb5 f6 12. O-O Nxc5 13. Rfd1 Be6 14. Nxc5 Bxc5
15. Rac1 Ke7 16. a3 Bb6 17. Kf1 Rhd8 18. h3 Bf7 19. Bh4 Kf8 20. Ke2 g5 21. Bg3
Bh5 22. Ke1 e4 23. Nd4 Nxd4 24. cxd4 Bxd1 25. Kxd1 Rac8 26. Rb1 Bc7 27. Bxc7
Rxc7 28. Rc1 Rxc1+ 29. Kxc1 Ke7 30. Kd2 f5 31. Be2 f4 32. Bg4 Kf6 33. Kd1 fxe3
34. fxe3 Rd6 35. Bh5 Ke7 36. Bg4 Rb6 37. Kc1 Rf6 0-1

[Event "47th Sparkassen Open"]
[Site "Dortmund GER"]
[Date "2019.07.20"]
[Round "8.33"]
[White "Wolff, Christoph"]
[Black "Yin, Haode"]
[Result "1-0"]
[WhiteElo "2047"]
[BlackElo "1652"]
[WhiteFideId "4648706"]
[BlackFideId "16261348"]
[EventDate "2019.07.13"]

1. e4 e6 2. d4 d5 3. exd5 exd5 4. Nf3 Bd6 5. c4 c6 6. Nc3 Ne7 7. Bd3 dxc4 8.
Bxc4 h6 9. O-O O-O 10. Re1 Bg4 11. Ne4 Nf5 12. Nxd6 Qxd6 13. Qd3 Nd7 14. Ne5
Nxe5 15. dxe5 Qxd3 16. Bxd3 Ne7 17. f3 Be6 18. Be3 b6 19. a4 Nd5 20. Bf2 Rfd8
21. Red1 Kf8 22. a5 Ke8 23. Be4 bxa5 24. Rxa5 a6 25. Bc5 Rdb8 26. b4 Rb5 27.
Rda1 Rxa5 28. Rxa5 Kd7 29. Ra1 Nc3 30. Bd3 Nb5 31. Kf2 g6 32. h4 h5 33. Ke3 Nc7
34. Bd6 Nb5 35. Bc5 Nc7 36. Kd4 Nb5+ 37. Ke4 Bf5+ 38. Kf4 Bxd3 39. Rd1 Nc7 40.
Rxd3+ Nd5+ 41. Kg5 Ke6 42. Rd1 Rb8 43. f4 Rg8 44. Ra1 Ra8 45. g4 hxg4 46. Kxg4
Nc7 47. Kg5 Nd5 48. h5 gxh5 49. f5+ Kd7 50. Kxh5 Nc7 51. Kh6 Re8 52. Bd6 Ra8 53.
Bxc7 Kxc7 54. Kg7 Re8 55. Ra5 Rb8 56. Rxa6 Rxb4 57. Kxf7 Rb7 58. Ke6 Kd8 59.
Rxc6 Rh7 60. f6 Rh6 61. Rd6+ Ke8 62. Ra6 Kd8 63. Ra8+ Kc7 64. Ke7 1-0

[Event "47th Sparkassen Open"]
[Site "Dortmund GER"]
[Date "2019.07.20"]
[Round "8.34"]
[White "Sondermann, Dirk"]
[Black "Toel, Karl-Ludwig"]
[Result "1-0"]
[WhiteElo "1865"]
[BlackElo "2068"]
[WhiteFideId "4658116"]
[BlackFideId "4685903"]
[EventDate "2019.07.13"]

1. d4 Nf6 2. c4 g6 3. Nf3 Bg7 4. Nc3 d5 5. cxd5 Nxd5 6. Bd2 O-O 7. e4 Nb6 8. Be3
c6 9. h3 a5 10. Rc1 Na6 11. Be2 Be6 12. b3 f6 13. O-O Bf7 14. Qd2 e6 15. Rfd1
Nc8 16. e5 Ne7 17. Ne4 Nd5 18. Bh6 Nac7 19. Bxg7 Kxg7 20. Nd6 Ra7 21. a4 Bg8 22.
Rc5 Nb4 23. Rxa5 Rxa5 24. Qxb4 Nd5 25. Qxb7+ Kh8 26. Qxc6 Ra7 27. Nb5 Ra8 28.
Qc1 Rc8 29. Bc4 fxe5 30. dxe5 Qb6 31. Qh6 Rf5 32. Nd6 Rcf8 33. Nxf5 Rxf5 34.
Bxd5 exd5 35. Qe3 Qb7 36. Qd4 Be6 37. b4 Kg7 38. b5 h6 39. Rc1 Qf7 40. b6 Rf4
41. Rc7 Rxd4 42. Rxf7+ Kxf7 43. Nxd4 Bc8 44. f4 1-0

[Event "47th Sparkassen Open"]
[Site "Dortmund GER"]
[Date "2019.07.20"]
[Round "8.35"]
[White "Atali, Dogukan"]
[Black "Doescher, Thorsten"]
[Result "0-1"]
[WhiteElo "1734"]
[BlackElo "2049"]
[WhiteFideId "16208269"]
[BlackFideId "24658286"]
[EventDate "2019.07.13"]

1. e4 c6 2. d4 d5 3. exd5 cxd5 4. Bd3 g6 5. c3 Bg7 6. Bf4 Nh6 7. Nf3 O-O 8. O-O
f6 9. Re1 Nc6 10. b4 a6 11. b5 axb5 12. Bxb5 Nf7 13. c4 Bg4 14. cxd5 Bxf3 15.
gxf3 Nxd4 16. Qxd4 e5 17. Qd3 exf4 18. Nc3 Ne5 19. Qd1 Qa5 20. Rc1 Rac8 21. Rxe5
fxe5 22. Qb3 e4 23. d6+ Kh8 24. Bc4 Qg5+ 25. Kh1 exf3 0-1

[Event "47th Sparkassen Open"]
[Site "Dortmund GER"]
[Date "2019.07.20"]
[Round "8.36"]
[White "Ahlers, Knut"]
[Black "Zweschper, Erich"]
[Result "0-1"]
[WhiteElo "1854"]
[BlackElo "2031"]
[WhiteFideId "16203534"]
[BlackFideId "4643119"]
[EventDate "2019.07.13"]

1. e4 c5 2. Nf3 e6 3. d4 cxd4 4. Nxd4 Nc6 5. Nc3 Nf6 6. Be3 Qc7 7. Qd2 a6 8.
O-O-O Bb4 9. f3 O-O 10. Nb3 d5 11. a3 Bxc3 12. Qxc3 dxe4 13. fxe4 Nxe4 14. Qe1
f5 15. Bd3 Nf6 16. h3 Nd5 17. Bc5 Re8 18. Rf1 b6 19. Bg1 Bd7 20. Qd2 Nce7 21. g4
f4 22. Be4 Rf8 23. Kb1 Rad8 24. Nd4 e5 25. Ne2 Nf6 26. Qb4 Bb5 27. Rde1 Ned5 28.
Bxd5+ Nxd5 29. Qe4 Qc4 30. Qg2 Bc6 31. b3 Nc3+ 32. Nxc3 Qxc3 33. Qe2 Bb5 34. Rf3
Qc7 35. c4 Bc6 36. Rc3 e4 37. Qf2 e3 38. Qh4 Be4+ 39. Kc1 Qe5 0-1

[Event "47th Sparkassen Open"]
[Site "Dortmund GER"]
[Date "2019.07.20"]
[Round "8.37"]
[White "Schroeder, Joerg"]
[Black "Meinschien, Finn"]
[Result "1-0"]
[WhiteElo "1985"]
[BlackElo "1908"]
[WhiteFideId "24635677"]
[BlackFideId "12989665"]
[EventDate "2019.07.13"]

1. Nf3 Nf6 2. c4 g6 3. Nc3 Bg7 4. e4 d6 5. d4 O-O 6. h3 e5 7. d5 Na6 8. Be3 b6
9. g4 Nc5 10. Nd2 a6 11. b4 Ncd7 12. Be2 Ne8 13. Qc2 f6 14. Nf1 Rf7 15. Ng3 Nf8
16. h4 h6 17. h5 g5 18. O-O Nd7 19. f3 Bf8 20. Bd3 Bb7 21. Rfc1 c5 22. dxc6 Bxc6
23. Qb3 Kh7 24. c5 Rg7 25. Nf5 dxc5 26. Nxg7 Kxg7 27. Qe6 Nd6 28. bxc5 Nxc5 29.
Bxc5 bxc5 30. Rab1 Qa5 31. Bc4 Nxc4 32. Qxc6 Rd8 33. Rb7+ 1-0